[Event "TUR-ch Seniors 65"]
[Site "Ankara"]
[Date "2023.05.25"]
[Round "7"]
[White "Odabasi, Nail"]
[Black "Erakman, Muhittin"]
[Result "0-1"]
[WhiteElo "1381"]
[BlackElo "1180"]
[PlyCount "66"]
[EventDate "2023.05.19"]
[EventType "swiss"]
[EventRounds "9"]
[EventCountry "TUR"]
[SourceTitle "CBM 214 Extra"]
[Source "ChessBase"]
[SourceDate "2023.07.31"]
[SourceVersion "1"]
[SourceVersionDate "2023.07.31"]
[SourceQuality "1"]

1. e4 e6 2. d4 d5 3. Nc3 Nf6 4. e5 Nfd7 5. Nf3 a6 6. a3 c5 7. Be3 Nc6 8. Qd2 cxd4 9. Bxd4 Be7 10. Be2 Qc7 11. Qe3 Nxd4 12. Qxd4 0-0 13. 0-0 Bc5 14. Qf4 f6 15. Bd3 Nxe5 16. Nxe5 fxe5 17. Qg3 Rf7 18. Rae1 Bd6 19. Qh3 g6 20. f3 Bd7 21. Re2 Raf8 22. Kh1 e4 23. Nxe4 dxe4 24. Rxe4 e5 25. Qh4 b5 26. Qe1 Bf5 27. b4 Bxe4 28. Bxe4 Kg7 29. c3 Rc8 30. Bd5 Rf6 31. Qe3 Qxc3 32. Qa7+ Rc7 33. Qxa6 Qd3 0-1

[Event "TUR-ch Seniors 65"]
[Site "Ankara"]
[Date "2023.05.22"]
[Round "4"]
[White "Odabasi, Nail"]
[Black "Cifci, Alaattin"]
[Result "1-0"]
[WhiteElo "1381"]
[BlackElo "1141"]
[PlyCount "67"]
[EventDate "2023.05.19"]
[EventType "swiss"]
[EventRounds "9"]
[EventCountry "TUR"]
[SourceTitle "CBM 214 Extra"]
[Source "ChessBase"]
[SourceDate "2023.07.31"]
[SourceVersion "1"]
[SourceVersionDate "2023.07.31"]
[SourceQuality "1"]

1. d4 e6 2. Nc3 c5 3. d5 a6 4. dxe6 fxe6 5. e4 Nc6 6. Nf3 Qc7 7. Be3 Nf6 8. Qd2 b5 9. Bf4 e5 10. Bg3 b4 11. Nd5 Qb8 12. Nxf6+ gxf6 13. Bc4 d6 14. 0-0 Kd8 15. c3 a5 16. Qd5 Qc7 17. Rfd1 Bd7 18. Qf7 Be7 19. Qg7 Rf8 20. Qxh7 Bg4 21. Rd3 f5 22. Nxe5 f4 23. Nxc6+ Qxc6 24. Bh4 Ra7 25. f3 Bc8 26. Rad1 Rd7 27. Bxe7+ Rxe7 28. Rxd6+ Qxd6 29. Rxd6+ Bd7 30. Qh4 Rfe8 31. Bb5 Kc7 32. Rxd7+ Rxd7 33. Bxd7 Kxd7 34. Qxf4 1-0

[Event "TUR-ch Seniors 65"]
[Site "Ankara"]
[Date "2023.05.20"]
[Round "2"]
[White "Odabasi, Nail"]
[Black "Turkucu, Eyup"]
[Result "1-0"]
[WhiteElo "1381"]
[BlackElo "1109"]
[PlyCount "103"]
[EventDate "2023.05.19"]
[EventType "swiss"]
[EventRounds "9"]
[EventCountry "TUR"]
[SourceTitle "CBM 214 Extra"]
[Source "ChessBase"]
[SourceDate "2023.07.31"]
[SourceVersion "1"]
[SourceVersionDate "2023.07.31"]
[SourceQuality "1"]

1. d4 c5 2. d5 Qa5+ 3. Bd2 Qb6 4. Bc3 Nf6 5. f3 g6 6. e4 Bg7 7. Nd2 d6 8. Nc4 Qc7 9. e5 Nh5 10. exd6 Bxc3+ 11. bxc3 exd6 12. Bd3 Qe7+ 13. Ne2 Nf4 14. 0-0 Nxd5 15. Be4 Nxc3 16. Nxc3 0-0 17. Qxd6 Qxd6 18. Nxd6 Nc6 19. Bxc6 bxc6 20. Nde4 Ba6 21. Rfd1 c4 22. Nf6+ Kg7 23. Nd7 Rfd8 24. Ne5 Bb7 25. Nxc4 Rac8 26. Nd6 Ba6 27. Nxc8 Rxc8 28. Rd7 Ra8 29. Re1 Bc4 30. Ree7 a5 31. Ne4 Bxa2 32. Ng5 Rf8 33. Ne6+ Bxe6 34. Rxe6 c5 35. Ra6 Re8 36. Kf2 h5 37. Rxa5 Re5 38. Rc7 Rd5 39. Raxc5 Rd2+ 40. Kg3 Rd4 41. c4 h4+ 42. Kh3 Kf6 43. Rd5 Rf4 44. Rc6+ Kg7 45. c5 f6 46. Rc8 Kh6 47. c6 g5 48. c7 Kg6 49. Rg8+ Kh5 50. c8Q f5 51. Rh8+ Kg6 52. Rd6+ 1-0

[Event "TUR Cup"]
[Site "Antalya"]
[Date "2019.01.31"]
[Round "7"]
[White "Odabasi, Nail"]
[Black "Karakus, Ali"]
[Result "1-0"]
[WhiteElo "1525"]
[BlackElo "1303"]
[PlyCount "73"]
[EventDate "2019.01.27"]
[EventType "swiss"]
[EventRounds "11"]
[EventCountry "TUR"]
[SourceTitle "CBM 188 Extra"]
[Source "ChessBase"]
[SourceDate "2019.02.28"]
[SourceVersion "1"]
[SourceVersionDate "2019.02.28"]
[SourceQuality "1"]

1. d4 Nf6 2. Bf4 c5 3. d5 Qb6 4. Nc3 Qxb2 5. Bd2 Qb6 6. e4 d6 7. f4 g6 8. Nf3 Bg7 9. Rb1 Qc7 10. Bb5+ Nbd7 11. 0-0 0-0 12. Qe2 a6 13. Bxd7 Bxd7 14. e5 Ne8 15. e6 fxe6 16. dxe6 Bc6 17. Ne4 Bd5 18. c4 Bxe6 19. Neg5 Bf5 20. Ne6 Bxe6 21. Qxe6+ Kh8 22. Ng5 Bd4+ 23. Kh1 Nf6 24. Qh3 Qc8 25. f5 Rg8 26. Ne6 gxf5 27. Qxf5 Rb8 28. Rb6 Qe8 29. Nxd4 cxd4 30. Qf3 Qd7 31. Rfb1 d5 32. Bf4 dxc4 33. Be5 Rbf8 34. Rxb7 Qg4 35. Rxe7 d3 36. Bxf6+ Rg7 37. Qxg4 1-0

[Event "TUR Cup"]
[Site "Antalya"]
[Date "2017.02.02"]
[Round "9"]
[White "Emel, Erim Turgut"]
[Black "Odabasi, Nail"]
[Result "1-0"]
[WhiteElo "1609"]
[BlackElo "1423"]
[PlyCount "85"]
[EventDate "2017.01.28"]
[EventType "swiss"]
[EventRounds "11"]
[EventCountry "TUR"]
[SourceTitle "CBM 176 Extra"]
[Source "ChessBase"]
[SourceDate "2017.03.02"]
[SourceVersion "1"]
[SourceVersionDate "2017.03.02"]
[SourceQuality "1"]

1. e4 d5 2. exd5 Nf6 3. d4 Nxd5 4. Nc3 Bf5 5. Bc4 e6 6. Nf3 Bb4 7. Bd2 0-0 8. 0-0 Nc6 9. Ne2 h6 10. c3 Bd6 11. Ng3 Bg6 12. Re1 Qf6 13. Qe2 Bf4 14. Ne4 Bxe4 15. Qxe4 Bxd2 16. Nxd2 Nce7 17. Bd3 g6 18. g3 c6 19. Qg2 Rad8 20. Ne4 Qg7 21. Rad1 b6 22. Bb1 Nf5 23. Nd2 Rfe8 24. Nc4 b5 25. Ne5 Nfe7 26. Bc2 a5 27. a4 Rc8 28. Qf1 Rb8 29. Qe2 Nc7 30. Nd7 Rbd8 31. Nc5 Ned5 32. Qe5 f6 33. Qe2 e5 34. Qf3 f5 35. dxe5 Rxe5 36. axb5 cxb5 37. Nd3 Rxe1+ 38. Rxe1 Nf6 39. Nc5 Re8 40. Rxe8+ Nfxe8 41. Qc6 Qf6 42. Bb3+ Kh8 43. Be6 1-0

[Event "TUR Cup"]
[Site "Antalya"]
[Date "2017.01.28"]
[Round "1"]
[White "Suzan, Ufuk"]
[Black "Odabasi, Nail"]
[Result "1-0"]
[WhiteElo "1843"]
[BlackElo "1423"]
[PlyCount "35"]
[EventDate "2017.01.28"]
[EventType "swiss"]
[EventRounds "11"]
[EventCountry "TUR"]
[SourceTitle "CBM 176 Extra"]
[Source "ChessBase"]
[SourceDate "2017.03.02"]
[SourceVersion "1"]
[SourceVersionDate "2017.03.02"]
[SourceQuality "1"]

1. e4 d5 2. exd5 Nf6 3. d4 Nxd5 4. Nc3 g6 5. Bc4 Nb6 6. Bb3 Bg7 7. Nge2 0-0 8. Bf4 a6 9. Qd2 N8d7 10. Bh6 Nf6 11. h4 Ng4 12. Bxg7 Kxg7 13. h5 c5 14. f3 Nf6 15. hxg6 fxg6 16. Qh6+ Kh8 17. Ne4 Nh5 18. Ng5 1-0

[Event "Ordu op 2nd"]
[Site "Ordu"]
[Date "2016.04.14"]
[Round "1"]
[White "Benidze, Davit"]
[Black "Odabasi, Nail"]
[Result "1-0"]
[WhiteElo "2468"]
[BlackElo "1545"]
[PlyCount "65"]
[EventDate "2016.04.14"]
[EventType "swiss"]
[EventRounds "7"]
[EventCountry "TUR"]
[SourceTitle "CBM 171 Extra"]
[Source "ChessBase"]
[SourceDate "2016.04.26"]
[SourceVersion "1"]
[SourceVersionDate "2016.04.26"]
[SourceQuality "1"]

1. d4 d5 2. c4 e6 3. Nf3 Nf6 4. g3 c6 5. Bg2 Bb4+ 6. Bd2 Qb6 7. 0-0 Bxd2 8. Qxd2 Ne4 9. Qc2 Nd7 10. Nbd2 Ndf6 11. Nxe4 Nxe4 12. c5 Qd8 13. Ne5 f5 14. Bxe4 fxe4 15. f3 Qg5 16. fxe4 Qe3+ 17. Kg2 Qxd4 18. Nf7 Rf8 19. Nd6+ Ke7 20. Rxf8 Kxf8 21. exd5 Qxd5+ 22. e4 Qe5 23. Rf1+ Kg8 24. Qf2 Qf6 25. Qe2 Qe5 26. Qf3 Qxb2+ 27. Rf2 Qf6 28. Qd3 Qe5 29. Nc4 Qg5 30. Qd6 h6 31. Ne5 b6 32. Rf8+ Kh7 33. Rh8+ 1-0

[Event "Manavgat Turkey Cup"]
[Site "Manavgat"]
[Date "2016.02.03"]
[Round "7"]
[White "Toren, Hafzullah"]
[Black "Odabasi, Nail"]
[Result "0-1"]
[WhiteElo "1317"]
[BlackElo "1536"]
[PlyCount "86"]
[EventDate "2016.01.30"]
[EventType "swiss"]
[EventRounds "11"]
[EventCountry "TUR"]
[SourceTitle "CBM 170 Extra"]
[Source "ChessBase"]
[SourceDate "2016.02.25"]
[SourceVersion "1"]
[SourceVersionDate "2016.02.25"]
[SourceQuality "1"]

1. e4 d5 2. exd5 Nf6 3. Nc3 Nxd5 4. Nxd5 Qxd5 5. d4 Nc6 6. c3 Bf5 7. Nf3 0-0-0 8. Be2 f6 9. 0-0 g5 10. c4 Qe4 11. Be3 h5 12. Qa4 a6 13. Rad1 Qc2 14. Qxc2 Bxc2 15. Rc1 Be4 16. Nd2 Bg6 17. Nb3 e6 18. a3 Be7 19. Rfd1 f5 20. f4 g4 21. d5 exd5 22. cxd5 Nb8 23. Bd4 Rhe8 24. Be5 Bd6 25. Bxd6 Rxd6 26. Bd3 Rxd5 27. Bc4 Rxd1+ 28. Rxd1 Nd7 29. g3 Nb6 30. Bf1 Bf7 31. Nd4 Rd8 32. Bd3 c6 33. Bxf5+ Kc7 34. Ne6+ Bxe6 35. Rxd8 Kxd8 36. Bxe6 Ke7 37. Bg8 a5 38. b3 Nd7 39. Bh7 Kf6 40. Kg2 b6 41. h3 Nc5 42. b4 axb4 43. axb4 Na6 0-1

[Event "Manavgat Turkey Cup"]
[Site "Manavgat"]
[Date "2015.02.06"]
[Round "10"]
[White "Borekcioglu, Zeynep Dilara"]
[Black "Odabasi, Nail"]
[Result "1/2-1/2"]
[WhiteElo "1695"]
[BlackElo "1592"]
[PlyCount "71"]
[EventDate "2015.01.31"]
[EventType "swiss"]
[EventRounds "11"]
[EventCountry "TUR"]
[SourceTitle "CBM 164 Extra"]
[Source "ChessBase"]
[SourceDate "2015.03.02"]
[SourceVersion "1"]
[SourceVersionDate "2015.03.02"]
[SourceQuality "1"]

1. e4 e5 2. Nf3 Nc6 3. Bb5 a6 4. Ba4 d6 5. c3 Nf6 6. d3 Be7 7. 0-0 b5 8. Bc2 Bg4 9. h3 Bh5 10. Nbd2 0-0 11. Re1 h6 12. Nf1 Nh7 13. Ng3 Bg6 14. Nh2 Bg5 15. d4 Ne7 16. Bxg5 Nxg5 17. h4 Ne6 18. h5 Bh7 19. Nf3 f6 20. Bb3 Qd7 21. dxe5 fxe5 22. Nxe5 Qc8 23. Qg4 Rf6 24. Nf3 Kh8 25. Bxe6 Qxe6 26. Qxe6 Rxe6 27. Rad1 c5 28. e5 d5 29. Rd2 a5 30. Nh4 Rc6 31. f4 Rf8 32. Rf2 Nf5 33. Nhxf5 Bxf5 34. Nxf5 Rxf5 35. g4 Rf8 36. f5 1/2-1/2

[Event "Manavgat Turkey Cup"]
[Site "Manavgat"]
[Date "2015.02.04"]
[Round "7"]
[White "Odabasi, Nail"]
[Black "Aslanhan, Halis"]
[Result "0-1"]
[WhiteElo "1592"]
[BlackElo "1796"]
[PlyCount "120"]
[EventDate "2015.01.31"]
[EventType "swiss"]
[EventRounds "11"]
[EventCountry "TUR"]
[SourceTitle "CBM 164 Extra"]
[Source "ChessBase"]
[SourceDate "2015.03.02"]
[SourceVersion "1"]
[SourceVersionDate "2015.03.02"]
[SourceQuality "1"]

1. d4 Nf6 2. c4 e6 3. Nf3 d5 4. Nc3 Nbd7 5. e3 c6 6. a4 Bd6 7. Bd3 a6 8. 0-0 0-0 9. Qc2 h6 10. h3 b6 11. cxd5 exd5 12. e4 dxe4 13. Nxe4 Nxe4 14. Qxc6 Bb7 15. Qxb7 Nec5 16. dxc5 Nxc5 17. Qxa8 Qxa8 18. Bc4 Re8 19. Be3 Be5 20. Nxe5 Rxe5 21. Rfd1 Nxa4 22. Rd7 Qc6 23. Bxf7+ Kf8 24. Ra7 Re7 25. Rxe7 Kxe7 26. Bh5 Qb5 27. Bg6 Kf6 28. Be4 Ke5 29. Bg6 a5 30. Re1 Kf6 31. Be4 Qb4 32. Re2 Nxb2 33. Bd2 Qc4 34. Bf3 a4 35. Re3 Kf7 36. Rc3 Qb5 37. Rc7+ Kf8 38. Bc3 a3 39. Ra7 Nc4 40. Be2 a2 41. Kh2 Qb3 42. Bxg7+ Kg8 43. Bxh6 Na5 44. Bg7 Qa4 45. g3 a1Q 46. Bxa1 Qxa1 47. Kg2 Qe5 48. Bf3 Nc4 49. h4 Nd2 50. Bc6 Qe1 51. Bd5+ Kh8 52. Rf7 Qf1+ 53. Kh2 b5 54. h5 Qe2 55. Rf8+ Kh7 56. Rf7+ Kh6 57. Rf6+ Kxh5 58. Kh3 Kg5 59. Rf8 Kg6 60. Rf4 Qh5+ 0-1